| 000 | 00761cab a22002175a 4500 | ||
|---|---|---|---|
| 001 | L145425 | ||
| 008 | 081007e20081004xxk f g 000 0 eng d | ||
| 035 | _a(Sirsi) u145425 | ||
| 041 | 0 | _aeng | |
| 100 | 1 | _aSilman, Geoffrey | |
| 245 | 0 | 0 | _aPlease release me, let me go |
| 260 | _c2008 | ||
| 490 |
_aEstates Gazette _v(0839) 4 October 2008, 124(1) |
||
| 520 | _aArticle looks at property law changes (namely the Landlord and Tenant (Covenants) Act 1995) and discusses landlord liabilities and the subsequent assignment and release of covenants. | ||
| 590 | _aKA | ||
| 650 | 2 | 4 | _aAVONRIDGE PROPERTY CO LTD V MASHRU |
| 650 | 2 | 4 | _aLANDLORD AND TENANT (COVENANTS) ACT 1995 |
| 651 | 4 |
_aUnited Kingdom _y |
|
| 690 |
_aLandlord and tenant _96252 |
||
| 942 | _n0 | ||
| 999 |
_c80809 _d80809 |
||